000
00214 a2200097 4500
001
58247
100
_a
245
_a
Multicomponent Diffusion coating
260
_a
Oxomian
_b
New Delhi
_c
1987
090
_c
35744
_d
35744
942
_a
NUST-CAE
_c
_c
28607
999
_c
293320
_d
293320